[Event "Open Est 2015-2016"]
[Site "Aubagne"]
[Date "2015.09.26"]
[Round "3.3"]
[White "Gamblin, Antoine"]
[Black "Gomez, Guy"]
[Result "1-0"]
[WhiteElo "1394"]
[BlackElo "1671"]
[PlyCount "43"]
[EventDate "2015.10.10"]
[WhiteTeam "Marseille Echecs"]
[BlackTeam "Cercle d'Echecs Aubagnais"]

1. e4 c5 2. Nf3 Nc6 3. d4 cxd4 4. Nxd4 Nf6 5. Nc3 a6 6. Bc4 e6 7. O-O Be7 8.
Be3 b5 9. Bb3 Bb7 10. f4 b4 11. Nce2 Nxe4 12. f5 Nc5 13. Ng3 Nxb3 14. axb3 Qb6
15. fxe6 dxe6 16. Ndf5 Bc5 17. Nd6+ Kf8 18. Rxf7+ Kg8 19. Qg4 Bxe3+ 20. Kh1 Qd4
21. Qxe6 Nd8 22. Qe8# 1-0

[Event "Open Est 2015-2016"]
[Site "Aubagne"]
[Date "2015.11.07"]
[Round "3.4"]
[White "Telouk, Olivier"]
[Black "De Albera, Pierre"]
[Result "1-0"]
[WhiteElo "1645"]
[BlackElo "1420"]
[PlyCount "79"]
[EventDate "2015.10.10"]
[WhiteTeam "Cassis Echecs"]
[BlackTeam "ASPTT Marseille"]

1. c4 Nf6 2. Nc3 Nc6 3. g3 e6 4. Bg2 Bb4 5. e4 O-O 6. Nge2 b6 7. O-O Rb8 8. d4
Bb7 9. a3 Be7 10. e5 Ne8 11. f4 Na5 12. Qc2 Ba6 13. Nb5 c6 14. b4 Nxc4 15. Qxc4
Bxb5 16. Qc2 Ba6 17. h4 Bb7 18. f5 f6 19. fxe6 dxe6 20. Bxc6 Rc8 21. b5 Bxc6
22. bxc6 f5 23. Qc4 Qd5 24. Qxd5 exd5 25. Nf4 Nc7 26. Bd2 a5 27. Rab1 Rb8 28.
a4 Kh8 29. Rf3 Rg8 30. Rfb3 g5 31. hxg5 Rxg5 32. Bxa5 Rbg8 33. Be1 Rg4 34. Kh2
Ne6 35. Nxe6 h5 36. Rxb6 h4 37. Rb8 hxg3+ 38. Kg2 f4 39. Rxg8+ Rxg8 40. c7 1-0

[Event "Open Est 2015-2016"]
[Site "Aubagne"]
[Date "2015.11.07"]
[Round "3.6"]
[White "Zajaczkowski, Danielle"]
[Black "Sage, Jean-Claude"]
[Result "0-1"]
[WhiteElo "1337"]
[BlackElo "1582"]
[PlyCount "160"]
[EventDate "2015.10.10"]
[WhiteTeam "ASPTT Marseille"]
[BlackTeam "Echiquier Marseillais 1872"]

1. d4 d5 2. Nf3 Nf6 3. Bf4 g6 4. h3 Bg7 5. e3 O-O 6. Be2 Nbd7 7. Nbd2 c5 8. c3
c4 9. O-O Re8 10. Ne5 Nxe5 11. Bxe5 Nd7 12. Bxg7 Kxg7 13. Bf3 Nf6 14. Re1 e5
15. Qc1 e4 16. Bd1 a6 17. f3 Bf5 18. fxe4 Nxe4 19. Nxe4 Bxe4 20. Rf1 Qg5 21.
Bf3 Bd3 22. Re1 Be4 23. Rf1 Re7 24. Qd2 Bf5 25. g4 Bd3 26. Rfe1 Rae8 27. Kf2
Qf6 28. Rac1 Qd6 29. Kg2 Re6 30. a3 b5 31. Kg1 Qg3+ 32. Qg2 Qxg2+ 33. Kxg2 Rxe3
34. Rxe3 Rxe3 35. Kf2 Re7 36. Bxd5 Re2+ 37. Kg3 Rxb2 38. Bb7 a5 39. Bc6 b4 40.
axb4 axb4 41. cxb4 Rxb4 42. d5 Rb6 43. Kf4 Kf6 44. g5+ Ke7 45. Ke5 Rb1 46. Rc3
Re1+ 47. Kd4 Kd6 48. Ra3 Re4+ 49. Kc3 Bf1 50. Ra7 Re7 51. Ra6 Re3+ 52. Kd4 Rd3+
53. Ke4 Bg2+ 54. Kf4 Bxd5 55. Bb5+ Kc5 56. Bd7 Kd4 57. Bg4 Kc3 58. h4 Rd4+ 59.
Kg3 Kc2 60. Ra2+ Kb1 61. Rf2 c3 62. Rf1+ Kb2 63. Rf2+ Ka3 64. Rc2 Kb3 65. Rc1
Kb2 66. Rf1 c2 67. Rf2 Kb1 68. Rf1+ c1=Q 69. Be2 Qxf1 70. Bxf1 Bc4 71. Bg2 Be6
72. Bf3 Rd3 73. Kf2 Ra3 74. Be4+ Kc1 75. Kg2 Kd2 76. Kf1 Bh3+ 77. Bg2 Bxg2+ 78.
Kxg2 Ke2 79. Kh2 Kf3 80. Kh3 Kf4+ 0-1

[Event "Open Est 2015-2016"]
[Site "Aubagne"]
[Date "2015.11.07"]
[Round "3.7"]
[White "Mineo, Francois"]
[Black "Konate, Salma"]
[Result "0-1"]
[WhiteElo "1324"]
[BlackElo "1490"]
[PlyCount "92"]
[EventDate "2015.10.10"]
[WhiteTeam "Cassis Echecs"]
[BlackTeam "Marseille Passion Echecs"]

1. e4 c5 2. Nf3 Nc6 3. Nc3 e6 4. Bc4 Nge7 5. d4 d5 6. exd5 exd5 7. Bb5 a6 8.
Bxc6+ Nxc6 9. dxc5 d4 10. Ne2 Bxc5 11. O-O O-O 12. h3 Bf5 13. b3 Qb6 14. Bb2
Rad8 15. Qd2 Bb4 16. Qf4 Bxc2 17. Nexd4 Bg6 18. Nxc6 bxc6 19. Nh4 Bc5 20. Rac1
Rde8 21. Nxg6 hxg6 22. Qc4 Be7 23. Qxc6 Qa7 24. Rfe1 Rc8 25. Qf3 Bb4 26. Rxc8
Rxc8 27. Rd1 Rc2 28. Rd8+ Kh7 29. Qf4 Qe7 30. Qe5 Rxb2 31. Qxe7 Bxe7 32. Rd7
Bf6 33. Rxf7 Rxa2 34. Rd7 Be5 35. g3 Ra3 36. f4 Bf6 37. Rd3 a5 38. Rd5 Bc3 39.
g4 Rxb3 40. h4 a4 41. h5 a3 42. hxg6+ Kxg6 43. Rd6+ Kh7 44. g5 a2 45. g6+ Kh6
46. Rd1 Rb1 0-1

[Event "Open Est 2015-2016"]
[Site "Aubagne"]
[Date "2015.11.07"]
[Round "3.8"]
[White "Bohli, Adam"]
[Black "Besucco, Guy"]
[Result "1-0"]
[WhiteElo "1460"]
[BlackElo "1390"]
[PlyCount "57"]
[EventDate "2015.10.10"]
[WhiteTeam "Marseille Echecs"]
[BlackTeam "La Ciotat Echecs (LCE)"]

1. e4 c5 2. Nf3 Nc6 3. d4 d6 4. Bc4 e6 5. Nc3 a6 6. Bf4 Nge7 7. O-O d5 8. exd5
exd5 9. Be2 Nf5 10. Re1 Be6 11. dxc5 Bxc5 12. Bd3 O-O 13. Ng5 Re8 14. Nxh7 Ncd4
15. Ng5 Be7 16. Qh5 Bxg5 17. Bxg5 f6 18. Bd2 Bf7 19. Qg4 Be6 20. Rxe6 Nxe6 21.
Qxf5 Nf8 22. Qxd5+ Ne6 23. Re1 Qe7 24. Bc4 Kf7 25. Qh5+ Kf8 26. Qh8+ Kf7 27.
Qh5+ Kf8 28. Rxe6 Qd7 29. Qh8+ 1-0

[Event "Open Est 2015-2016"]
[Site "Aubagne"]
[Date "2015.11.07"]
[Round "3.9"]
[White "Cotton, Paul"]
[Black "Foresti, Stephane"]
[Result "1-0"]
[WhiteElo "1455"]
[BlackElo "1264"]
[PlyCount "90"]
[EventDate "2015.10.10"]
[WhiteTeam "Cercle d'Echecs Aubagnais"]
[BlackTeam "Sanary Echecs"]

1. Nf3 d5 2. g3 e6 3. b3 Nf6 4. Bb2 c5 5. Bg2 Nc6 6. O-O Bd6 7. c4 d4 8. d3 O-O
9. a3 Rb8 10. b4 b6 11. b5 Ne7 12. Nbd2 Bb7 13. a4 Ng6 14. Nb3 h5 15. h3 h4 16.
Nxh4 Nxh4 17. gxh4 Bxg2 18. Kxg2 Nh5 19. e3 Qxh4 20. Qg4 Qxg4+ 21. hxg4 Nf6 22.
g5 Nd7 23. exd4 cxd4 24. Nxd4 Be5 25. f4 Bxd4 26. Bxd4 Nc5 27. Bxc5 bxc5 28.
Kf2 Rfd8 29. Ke2 g6 30. Kd2 Kf8 31. Rfe1 Ke7 32. Re5 Kd6 33. a5 Rf8 34. Rae1
Rbe8 35. b6 axb6 36. axb6 f6 37. gxf6 Rxf6 38. Ke3 Kc6 39. Rb1 Rf5 40. b7 Rxe5+
41. fxe5 Rb8 42. Kf4 Rxb7 43. Rxb7 Kxb7 44. Kg5 Kc8 45. Kxg6 Kd8 1-0

[Event "Open Est 2015-2016"]
[Site "Aubagne"]
[Date "2015.11.07"]
[Round "3.10"]
[White "Auroux, William"]
[Black "Vicari-Vento, Salvatore"]
[Result "0-1"]
[WhiteElo "1099"]
[BlackElo "1515"]
[PlyCount "74"]
[EventDate "2015.10.10"]
[WhiteTeam "Club Provence Echecs"]
[BlackTeam "Cercle d'Echecs Aubagnais"]

1. f4 d6 2. Nf3 Nf6 3. e3 Nc6 4. Bb5 Bd7 5. Bxc6 Bxc6 6. b3 g6 7. Bb2 Bg7 8.
O-O O-O 9. Nc3 a6 10. Qe1 b5 11. Ne2 Bd7 12. Nfd4 c5 13. Nf3 e6 14. Ng3 h6 15.
e4 Qc7 16. f5 exf5 17. exf5 Rfe8 18. Qf2 Ng4 19. Nh5 Nxf2 20. Nxg7 Ng4 21. Nxe8
Rxe8 22. fxg6 fxg6 23. Nh4 d5 24. g3 Re6 25. Rf4 Re4 26. Rf3 Bf5 27. Nxf5 gxf5
28. Rxf5 Qe7 29. Raf1 d4 30. Rd1 Re2 31. h3 Ne5 32. h4 Qg7 33. Rf2 Qxg3+ 34.
Kh1 Qxf2 35. Rg1+ Kh7 36. Rg6 Kxg6 37. Bxd4 Qh2# 0-1

[Event "Open Est 2015-2016"]
[Site "Aubagne"]
[Date "2015.11.07"]
[Round "3.11"]
[White "Strate, Francois"]
[Black "Aghababian, Arthur"]
[Result "0-1"]
[WhiteElo "1342"]
[BlackElo "1388"]
[PlyCount "98"]
[EventDate "2015.10.10"]
[WhiteTeam "Sanary Echecs"]
[BlackTeam "Sanary Echecs"]

1. d4 Nf6 2. c4 d6 3. Nc3 g6 4. Nf3 Bg7 5. e4 Nc6 6. d5 Ne5 7. Nxe5 dxe5 8. Be2
O-O 9. O-O Bd7 10. Qb3 Qc8 11. h3 e6 12. Be3 a6 13. a4 c6 14. dxc6 Bxc6 15. Qc2
Qc7 16. Rfd1 Rfd8 17. a5 Rxd1+ 18. Bxd1 Rd8 19. Bb6 Qb8 20. Bxd8 Qxd8 21. Be2
Qc7 22. f3 Bf8 23. b4 Nh5 24. Rd1 Bxb4 25. Qd2 Kg7 26. Qb2 Qxa5 27. Na2 Bc5+
28. Kh2 Qc7 29. Nb4 Nf4 30. Nxc6 bxc6 31. Qd2 Bd4 32. g3 Nxe2 33. Qxe2 c5 34.
Qa2 Qc6 35. Rd3 Qb6 36. Ra3 Qb4 37. Rb3 Qxc4 38. Ra3 Qf1 39. Qg2 Qc1 40. Rxa6
c4 41. h4 c3 42. Ra2 Kf6 43. Kh3 h6 44. Kh2 g5 45. hxg5+ hxg5 46. Qh1 Qe3 47.
Qg2 Kg6 48. Kh3 g4+ 49. fxg4 Qh6# 0-1

[Event "Open Est 2015-2016"]
[Site "Aubagne"]
[Date "2015.11.07"]
[Round "3.12"]
[White "Borrini, Rodrigue"]
[Black "Hunault, Francis"]
[Result "0-1"]
[WhiteElo "1125"]
[BlackElo "1378"]
[PlyCount "58"]
[EventDate "2015.10.10"]
[WhiteTeam "L'Echiquier du Roy René"]
[BlackTeam "Cercle d'Echecs Aubagnais"]

1. e4 e5 2. Nf3 Nc6 3. Bc4 Bc5 4. d3 h6 5. h3 Nf6 6. Nxe5 Nxe5 7. d4 Nxc4 8.
dxc5 O-O 9. Nc3 Re8 10. O-O c6 11. Re1 Qc7 12. b3 Ne5 13. Bb2 Nh7 14. Qd6 Qxd6
15. cxd6 b5 16. Ne2 c5 17. f4 Ng6 18. e5 Bb7 19. g3 Nhf8 20. Rad1 Ne6 21. Nc3
a6 22. Nd5 Bxd5 23. Rxd5 c4 24. h4 Rac8 25. Bc3 cxb3 26. axb3 Rxc3 27. Re2
Rxg3+ 28. Kh2 Rg4 29. f5 Nef4 0-1

[Event "Open Est 2015-2016"]
[Site "Aubagne"]
[Date "2015.11.07"]
[Round "3.13"]
[White "Turpin, Isabelle"]
[Black "Cavanihac, Claude"]
[Result "0-1"]
[WhiteElo "1263"]
[BlackElo "1532"]
[PlyCount "74"]
[EventDate "2015.10.10"]
[WhiteTeam "Cercle d'Echecs Aubagnais"]
[BlackTeam "Cercle d'Echecs Aubagnais"]

1. c4 f5 2. d3 Nf6 3. Nc3 e6 4. e4 fxe4 5. dxe4 d6 6. Bd3 Be7 7. Bd2 c6 8. g4
e5 9. g5 Nfd7 10. Qh5+ g6 11. Qh6 Bf8 12. Qh4 Nc5 13. Bc2 Ne6 14. Nge2 Bd7 15.
Be3 Na6 16. a3 c5 17. O-O Nd4 18. Bd1 Bc6 19. Kh1 Qb6 20. Ra2 O-O-O 21. Nxd4
exd4 22. Nd5 Bxd5 23. Qg4+ Kb8 24. exd5 dxe3 25. fxe3 Bg7 26. b3 Be5 27. Raf2
Qa5 28. Qe6 Nc7 29. Qe7 a6 30. Rf7 Rhe8 31. Rxh7 Rxe7 32. Rxe7 Rh8 33. b4 cxb4
34. a4 Qc5 35. Ref7 Rxh2+ 36. Kg1 Qxe3+ 37. R1f2 Qxg5+ 0-1

[Event "Open Est 2015-2016"]
[Site "Aubagne"]
[Date "2015.11.07"]
[Round "3.14"]
[White "Richert, Sebastien"]
[Black "Roth, Fabio"]
[Result "0-1"]
[WhiteElo "1442"]
[BlackElo "1260"]
[PlyCount "97"]
[EventDate "2015.10.10"]
[WhiteTeam "Cercle d'Echecs Aubagnais"]
[BlackTeam "Club Provence Echecs"]

1. e4 e5 2. Nf3 Nc6 3. Bb5 Nge7 4. b3 a6 5. Bxc6 Nxc6 6. Bb2 d6 7. O-O Bg4 8.
c3 Qf6 9. d4 Qg6 10. Nh4 Qh5 11. f3 Bd7 12. g3 g5 13. Nf5 Bxf5 14. exf5 f6 15.
f4 Qxd1 16. Rxd1 gxf4 17. gxf4 O-O-O 18. fxe5 Be7 19. Nd2 dxe5 20. dxe5 Nxe5
21. c4 Rhg8+ 22. Kh1 Nd3 23. Ne4 Nxb2 24. Rxd8+ Bxd8 25. Rg1 Rxg1+ 26. Kxg1 Be7
27. Kg2 Nd3 28. Kf3 Ne5+ 29. Kf4 Kd8 30. Nc3 c6 31. Kg3 Bf8 32. Ne4 Be7 33. Kh4
Nf3+ 34. Kg3 Ng5 35. Kf4 Nxe4 36. Kxe4 Bf8 37. h3 Kc7 38. Kf3 Bh6 39. Ke4 Kd6
40. Kd4 c5+ 41. Kc3 a5 42. a3 b6 43. b4 a4 44. bxc5+ Kxc5 45. Kd3 Bc1 46. Ke4
Bxa3 47. Kf4 Bc1+ 48. Kg4 a3 49. Kh5 0-1

[Event "Open Est 2015-2016"]
[Site "Aubagne"]
[Date "2015.11.07"]
[Round "3.16"]
[White "Autouard, Jean-Luc"]
[Black "Gutman, Leni"]
[Result "0-1"]
[WhiteElo "1412"]
[BlackElo "1250"]
[PlyCount "92"]
[EventDate "2015.10.10"]
[WhiteTeam "Cercle d'Echecs Aubagnais"]
[BlackTeam "Marseille Echecs"]

1. e4 e5 2. Nf3 Nc6 3. Bb5 a6 4. Ba4 b5 5. Bb3 Nf6 6. O-O Bc5 7. c3 d6 8. h3
O-O 9. d4 Bb6 10. Re1 Re8 11. d5 Ne7 12. Nbd2 Ng6 13. Nf1 Bd7 14. Ng3 h6 15.
Nf5 Qc8 16. Bc2 Bxf5 17. exf5 Ne7 18. g4 Nfxd5 19. Qd3 Nf6 20. Qf1 Kf8 21. g5
hxg5 22. Bxg5 Nxf5 23. Qg2 Ne7 24. Kh2 Ned5 25. Bxf6 Nxf6 26. Rg1 g6 27. Qg5
Qe6 28. Qh6+ Ke7 29. Bb3 Qf5 30. Bd5 Nxd5 31. Qg5+ Qxg5 32. Rxg5 Bxf2 33. Kg2
Bc5 34. Rd1 Nf4+ 35. Kg3 Rh8 36. Nh4 Bf2+ 37. Kxf2 Rxh4 38. Kf3 Rxh3+ 39. Rg3
Rxg3+ 40. Kxg3 f5 41. b4 Ne2+ 42. Kf2 Nxc3 43. Ra1 g5 44. a3 g4 45. Rh1 Ne4+
46. Ke3 Kf6 0-1

[Event "Open Est 2015-2016"]
[Site "Aubagne"]
[Date "2015.11.07"]
[Round "3.18"]
[White "Roche, Alain"]
[Black "Periale, Albert"]
[Result "0-1"]
[WhiteElo "1390"]
[BlackElo "1249"]
[PlyCount "116"]
[EventDate "2015.10.10"]
[WhiteTeam "Echiquier Marseillais 1872"]
[BlackTeam "Cercle d'Echecs Aubagnais"]

1. e4 e5 2. Nf3 d6 3. h3 Nf6 4. Bc4 Be7 5. d4 exd4 6. e5 Nfd7 7. e6 fxe6 8.
Bxe6 Nc5 9. Bg4 Nc6 10. Nxd4 Nxd4 11. Qxd4 Bf6 12. Qf4 O-O 13. Qc4+ Kh8 14.
Bxc8 Re8+ 15. Be3 Rxc8 16. Nc3 c6 17. O-O Qd7 18. Bxc5 dxc5 19. Rad1 Qf5 20. a4
b6 21. Rd3 Rcd8 22. Rxd8 Rxd8 23. Qf7 Qd7 24. Qh5 Qe7 25. Qf3 Qe6 26. Ne4 Qd5
27. c4 Qe5 28. a5 Re8 29. Re1 h6 30. axb6 axb6 31. Re2 Kg8 32. Ng3 Qb8 33. Qxc6
Rxe2 34. Nxe2 Bxb2 35. Ng3 Bd4 36. Ne4 Qd8 37. Qe6+ Kh8 38. Nd6 Qf6 39. Qe8+
Kh7 40. Ne4 Qe5 41. Qc6 Qf5 42. g4 Qf4 43. Kg2 Be5 44. Ng3 Bd4 45. Qe4+ Qxe4+
46. Nxe4 g5 47. Nd6 Be5 48. Nb5 Kg6 49. Kf3 Kf6 50. Ke4 Ke6 51. Nc7+ Bxc7 52.
f3 Bf4 53. Kd3 Ke5 54. Kc2 Kd4 55. Kb3 Kd3 56. Kb2 Kxc4 57. Ka3 Kd3 58. Ka4 c4
0-1

[Event "Open Est 2015-2016"]
[Site "Aubagne"]
[Date "2015.11.07"]
[Round "3.19"]
[White "Ralijaona, Gabriela"]
[Black "Denis, Karine"]
[Result "1-0"]
[WhiteElo "1369"]
[BlackElo "1220"]
[PlyCount "89"]
[EventDate "2015.10.10"]
[WhiteTeam "Marseille Passion Echecs"]
[BlackTeam "Marseille Passion Echecs"]

1. e4 d6 2. Nf3 Bg4 3. Be2 e5 4. d3 Nf6 5. Nc3 Be7 6. Ng5 Nbd7 7. Nxf7 Kxf7 8.
Bxg4 h5 9. Bxd7 Qxd7 10. Qf3 Qg4 11. Be3 Qxf3 12. gxf3 c6 13. f4 Ng4 14. h3
Nxe3 15. fxe3 Bh4+ 16. Ke2 Bd8 17. fxe5 dxe5 18. d4 Ba5 19. Raf1+ Ke6 20. d5+
cxd5 21. exd5+ Kd6 22. e4 Bxc3 23. bxc3 Rac8 24. Kd3 Rhf8 25. h4 Rf6 26. Rxf6+
gxf6 27. Rf1 Rf8 28. Rf5 Kc5 29. Rxh5 Kb5 30. Rh7 Rb8 31. d6 Kc6 32. d7 Rd8 33.
Ke3 Kd6 34. Kf3 Ke6 35. Kg4 a6 36. Kh5 f5 37. exf5+ Kxf5 38. Rf7+ Ke6 39. Kg6
e4 40. h5 e3 41. Rf1 e2 42. Re1 Rxd7 43. Rxe2+ Kd6 44. Rd2+ Kc6 45. Rxd7 1-0

[Event "Open Est 2015-2016"]
[Site "Aubagne"]
[Date "2015.11.07"]
[Round "3.21"]
[White "Pietrac, Christian"]
[Black "Benezra, Silke"]
[Result "0-1"]
[WhiteElo "1232"]
[BlackElo "1361"]
[PlyCount "104"]
[EventDate "2015.10.10"]
[WhiteTeam "Club d'Echecs de Miramas"]
[BlackTeam "L'Echiquier du Roy René"]

1. Nf3 d5 2. d4 Nf6 3. g3 e6 4. Bg2 c5 5. c3 Nbd7 6. Nbd2 Be7 7. O-O O-O 8. Re1
b6 9. e4 dxe4 10. Nxe4 Bb7 11. Nxf6+ Bxf6 12. Bf4 cxd4 13. cxd4 Rc8 14. Rc1 Bd5
15. a4 a5 16. Qd2 Nb8 17. Rxc8 Qxc8 18. Rc1 Nc6 19. Ne5 Bxg2 20. Kxg2 Bxe5 21.
dxe5 Qa8 22. f3 Rd8 23. Qe3 Qb7 24. Bg5 Rd5 25. Bf4 h6 26. h4 b5 27. Qc3 Nd4
28. Qc8+ Qxc8 29. Rxc8+ Kh7 30. Rc7 Kg6 31. h5+ Kxh5 32. Rxf7 Kg6 33. Ra7 bxa4
34. g4 Rb5 35. Kf2 Rxb2+ 36. Ke3 Nc2+ 37. Kd3 Ne1+ 38. Kc4 Rb4+ 39. Kc3 Rxf4
40. Rxa5 Nxf3 41. Kb2 Rxg4 42. Ka3 Kf5 43. Ra7 Nxe5 44. Rc7 h5 45. Rc2 h4 46.
Rf2+ Rf4 47. Rh2 g5 48. Ka2 Rf3 49. Rc2 g4 50. Rc5 h3 51. Rc1 h2 52. Kb2 Rh3
0-1

[Event "Open Est 2015-2016"]
[Site "Aubagne"]
[Date "2015.11.07"]
[Round "3.23"]
[White "Reynaud, Jacques"]
[Black "Masson, Wally"]
[Result "1-0"]
[WhiteElo "1344"]
[BlackElo "1194"]
[PlyCount "59"]
[EventDate "2015.10.10"]
[WhiteTeam "Cercle d'Echecs Aubagnais"]
[BlackTeam "Cercle d'Echecs Aubagnais"]

1. d4 d5 2. Nf3 e6 3. e3 Nf6 4. c4 c6 5. c5 b6 6. b4 Be7 7. Bd3 O-O 8. Nc3 Ba6
9. O-O bxc5 10. bxc5 Ne4 11. Qc2 Qa5 12. Bb2 Bxd3 13. Qxd3 f5 14. Ne5 Bf6 15.
f4 Bxe5 16. fxe5 Na6 17. a3 Rab8 18. Rfb1 Qd8 19. Nxe4 fxe4 20. Qxa6 Qg5 21.
Qe2 Rf5 22. Bc1 Rbf8 23. Rb2 Rf2 24. Qxf2 Rxf2 25. Rxf2 h5 26. Bd2 Kh7 27. a4
h4 28. a5 Qd8 29. Raf1 Kh6 30. h3 1-0

[Event "Open Est 2015-2016"]
[Site "Aubagne"]
[Date "2015.11.07"]
[Round "3.24"]
[White "Pentcheff, Laura"]
[Black "De Carvalho Massabo, Raphael"]
[Result "0-1"]
[WhiteElo "1210"]
[BlackElo "1340"]
[PlyCount "76"]
[EventDate "2015.10.10"]
[WhiteTeam "Cassis Echecs"]
[BlackTeam "Marseille Passion Echecs"]

1. Nf3 Nc6 2. g3 e6 3. Bg2 d5 4. O-O Bd6 5. d3 Nf6 6. c4 Bd7 7. Nc3 Qe7 8. Bd2
h6 9. a3 a6 10. Rc1 O-O-O 11. Re1 g5 12. Rf1 Rdg8 13. Ne1 d4 14. Ne4 Nxe4 15.
Bxe4 f5 16. Bg2 h5 17. Kh1 Nd8 18. Nc2 e5 19. Na1 h4 20. Nb3 h3 21. Bd5 Rg7 22.
c5 c6 23. Rg1 Bc7 24. Bxc6 Bxc6+ 25. f3 g4 26. Rf1 gxf3 27. exf3 Rf8 28. Bh6
Rg6 29. Bxf8 Qxf8 30. Qe2 Ne6 31. Rf2 Ba4 32. Nd2 Nxc5 33. Nc4 Bc6 34. Nxe5 Re6
35. Qc2 Rxe5 36. Qc4 Qe7 37. Rcc2 Re1+ 38. Rf1 Rxf1# 0-1

[Event "Open Est 2015-2016"]
[Site "Aubagne"]
[Date "2015.11.07"]
[Round "3.26"]
[White "Roux, Jean-Marie"]
[Black "Yahia Amar, Mathieu"]
[Result "1-0"]
[WhiteElo "1319"]
[BlackElo "1150"]
[PlyCount "41"]
[EventDate "2015.10.10"]
[WhiteTeam "L'Echiquier du Roy René"]
[BlackTeam "L'Echiquier du Roy René"]

1. e4 e5 2. Nf3 Nf6 3. Nc3 Bc5 4. Bc4 Nc6 5. d3 h6 6. Be3 Bxe3 7. fxe3 Ng4 8.
Qe2 d6 9. O-O-O O-O 10. h3 Nf6 11. g4 Re8 12. g5 hxg5 13. Nxg5 a6 14. Nxf7 Qe7
15. Nxd6+ Kf8 16. Nxe8 Qxe8 17. Nd5 Nxd5 18. Bxd5 Nb4 19. Qf2+ Ke7 20. Qh4+ Kd6
21. Rhg1 1-0

[Event "Open Est 2015-2016"]
[Site "Aubagne"]
[Date "2015.09.26"]
[Round "3.27"]
[White "Rieu, Jean"]
[Black "Lognos, Lina"]
[Result "1-0"]
[WhiteElo "1310"]
[BlackElo "1081"]
[PlyCount "49"]
[EventDate "2015.10.10"]
[WhiteTeam "U.S.C.M."]
[BlackTeam "Cercle d'Echecs Aubagnais"]

1. Nf3 c5 2. e4 Nc6 3. Nc3 d6 4. d3 Nf6 5. Bg5 e6 6. Be2 g6 7. O-O Bg7 8. Qd2
O-O (8... h6 9. Bh4 g5 10. Nxg5 hxg5 11. Qxg5 Bf8 12. Qxf6) 9. Bh6 Nd4 (9...
Bxh6 10. Qxh6 Ng4 11. Qd2 Nge5 12. Nxe5 dxe5) 10. Bxg7 Kxg7 11. Nxd4 cxd4 12.
Nd1 a5 13. c3 dxc3 14. Nxc3 Bd7 15. Rfe1 b5 16. Bf3 Rb8 17. e5 dxe5 18. Rxe5 b4
19. Ne4 Bb5 20. Nxf6 Qxd3 (20... Qxf6 21. d4) 21. Nh5+ gxh5 22. Rg5+ Kh8 23.
Qf4 Rg8 24. Qf6+ Rg7 25. Qxg7# 1-0

[Event "Open Est 2015-2016"]
[Site "Aubagne"]
[Date "2015.11.07"]
[Round "3.28"]
[White "Bui, Christopher"]
[Black "Timoner, Genevieve"]
[Result "1-0"]
[WhiteElo "1290"]
[BlackElo "1050"]
[PlyCount "69"]
[EventDate "2015.10.10"]
[WhiteTeam "Cercle d'Echecs Aubagnais"]
[BlackTeam "Club d'Echecs Pennois (CEP)"]

1. e4 c5 2. Bc4 Nc6 3. Nf3 d6 4. O-O Nf6 5. d3 g6 6. Be3 Bg7 7. Nbd2 O-O 8. Qe2
Bd7 9. Nb3 a6 10. a4 Na7 11. Nbd2 b5 12. axb5 axb5 13. Bb3 Ne8 14. Ne1 Bxb2 15.
Rb1 Bg7 16. f4 Qc7 17. c4 Nc6 18. cxb5 Na5 19. Bc4 Nxc4 20. dxc4 Ra2 21. Qd3
Qb6 22. Nc2 Nc7 23. Nb4 Bd4 24. Bxd4 Ra4 25. Kh1 cxd4 26. Nc2 Ne6 27. f5 Nc5
28. Qxd4 Ra2 29. Rbc1 e6 30. fxg6 fxg6 31. Rxf8+ Kxf8 32. Qf6+ Kg8 33. e5 Be8
34. Rf1 Rxc2 35. Qf8# 1-0

[Event "Open Est 2015-2016"]
[Site "Aubagne"]
[Date "2015.09.26"]
[Round "3.29"]
[White "Garbe, Georges"]
[Black "Cureau, Dominique"]
[Result "0-1"]
[WhiteElo "1190"]
[BlackElo "1278"]
[PlyCount "78"]
[EventDate "2015.10.10"]
[WhiteTeam "Cercle d'Echecs Aubagnais"]
[BlackTeam "Echiquier Marseillais 1872"]

1. c4 e5 2. Nc3 Nf6 3. d3 Nc6 4. Nf3 Bb4 5. g3 e4 6. Nd2 exd3 7. exd3 O-O 8.
Be2 Re8 9. O-O Nd4 10. a3 Bxc3 11. bxc3 Nxe2+ 12. Kh1 Nxc3 13. Qc2 Ne2 14. Bb2
b6 15. f3 c5 16. Rae1 Bb7 17. Ne4 Nd4 18. Bxd4 cxd4 19. Qf2 Nxe4 20. fxe4 f6
21. Qxd4 Qe7 22. Kg1 Bc6 23. Rf4 Qxa3 24. Rf2 Re5 25. Qb2 Qxd3 26. Qc2 Qxc2 27.
Rxc2 Rxe4 28. Kf2 Rae8 29. Rce2 Rxe2+ 30. Rxe2 Rxe2+ 31. Kxe2 d5 32. cxd5 Bxd5
33. Kd2 b5 34. Kc3 a5 35. Kd4 Bc4 36. Kc3 Kf7 37. h4 Ke6 38. g4 Ke5 39. h5 Be2
0-1

[Event "Open Est 2015-2016"]
[Site "Aubagne"]
[Date "2015.11.07"]
[Round "3.30"]
[White "Mauger, Renaud"]
[Black "Ghazarian, David"]
[Result "0-1"]
[WhiteElo "1399"]
[BlackElo "1535"]
[PlyCount "66"]
[EventDate "2015.10.10"]
[WhiteTeam "Cercle d'Echecs Aubagnais"]
[BlackTeam "Marseille Echecs"]

1. e4 c5 2. Nf3 d6 3. Nc3 Nc6 4. Bb5 a6 5. Ba4 Rb8 6. Nd5 b5 7. c3 bxa4 8. Qxa4
Bb7 9. O-O e6 10. Ne3 Nge7 11. d4 cxd4 12. Nxd4 g6 13. f4 Bg7 14. e5 dxe5 15.
fxe5 O-O 16. Ng4 Qc7 17. Bf4 Nd5 18. Rae1 Nxd4 19. Qxd4 Nxf4 20. Rxf4 Qc6 21.
Rf2 Rfd8 22. Qf4 Rf8 23. Nf6+ Kh8 24. Re3 Rfd8 25. h3 Rd1+ 26. Kh2 Rf1 27. Ref3
Rxf2 28. Rxf2 Bxf6 29. exf6 Qd5 30. Qh6 Rg8 31. h4 Qe5+ 32. g3 Qe4 33. b3 Qh1#
0-1

[Event "Open Est 2015-2016"]
[Site "Aubagne"]
[Date "2015.11.07"]
[Round "3.31"]
[White "Berteaud, Esteban"]
[Black "Danthier, Christophe"]
[Result "0-1"]
[WhiteElo "1340"]
[BlackElo "1140"]
[PlyCount "108"]
[EventDate "2015.10.10"]
[WhiteTeam "L'Echiquier du Roy René"]
[BlackTeam "Cercle d'Echecs Aubagnais"]

1. e4 d5 2. Nc3 e6 3. Nf3 Bb4 4. Bb5+ c6 5. Bd3 Bxc3 6. dxc3 dxe4 7. Bxe4 Qxd1+
8. Kxd1 Nf6 9. Re1 O-O 10. Bg5 Ng4 11. Re2 Rd8+ 12. Bd3 Rd7 13. Ne5 Nxe5 14.
Rxe5 f6 15. Bxf6 gxf6 16. Rxe6 Rxd3+ 17. cxd3 Bxe6 18. Kc2 Na6 19. Re1 Bxa2 20.
b3 Nc5 21. Re3 Bxb3+ 22. Kb2 Bd5 23. Rg3+ Kh8 24. d4 Na6 25. f3 Rg8 26. Rxg8+
Kxg8 27. Kc1 c5 28. dxc5 Nxc5 29. Kb2 Nd3+ 30. Kc2 Nf4 31. g3 Nh3 32. f4 a5 33.
Kb2 b5 34. Kc2 b4 35. cxb4 axb4 36. f5 Nf2 37. Kb1 b3 38. Kc1 Nd3+ 39. Kb1 b2
40. g4 Be4 41. g5 fxg5 42. f6 Kf7 43. Kc2 Kxf6 44. Kb1 h5 45. Kc2 g4 46. Kb1 h4
47. Kc2 g3 48. hxg3 hxg3 49. Kb1 g2 50. Kc2 g1=Q 51. Kc3 b1=Q 52. Kd2 Bh7 53.
Ke2 Nc5 54. Kf3 Qe4# 0-1

[Event "Open Est 2015-2016"]
[Site "Aubagne"]
[Date "2015.11.07"]
[Round "3.32"]
[White "Herbulot, Thomas"]
[Black "Frontera, Pierre"]
[Result "0-1"]
[WhiteElo "1120"]
[BlackElo "1285"]
[PlyCount "114"]
[EventDate "2015.10.10"]
[WhiteTeam "Club Provence Echecs"]
[BlackTeam "Cercle d'Echecs Aubagnais"]

1. d4 d5 2. Nf3 Nc6 3. Bf4 Bf5 4. e3 Nf6 5. Nbd2 a6 6. c3 e6 7. Be2 Be7 8. Ne5
O-O 9. O-O Na7 10. Bg4 Nxg4 11. Nxg4 Bg5 12. Re1 Bxf4 13. exf4 c6 14. g3 b5 15.
Ne5 f6 16. Nef3 Bg4 17. Qe2 Qd7 18. Qe3 Rae8 19. b3 Nc8 20. c4 Nd6 21. Rac1 Nf5
22. Qd3 Nh6 23. cxd5 cxd5 24. Rc5 Bf5 25. Qc3 Rc8 26. Rc1 Rxc5 27. Qxc5 Bg4 28.
Qc6 Qa7 29. Qd6 Nf7 30. Qc5 Qa8 31. Qc6 Qa7 32. Qc5 Qxc5 33. Rxc5 h6 34. Kg2 h5
35. Rc6 Ra8 36. Nf1 g5 37. fxg5 Nxg5 38. Nxg5 fxg5 39. Ne3 Kf7 40. Nxg4 hxg4
41. f3 gxf3+ 42. Kxf3 Kf6 43. g4 b4 44. h3 a5 45. Rc1 a4 46. bxa4 Rxa4 47. Rb1
e5 48. dxe5+ Kxe5 49. Ke3 Ra3+ 50. Rb3 d4+ 51. Ke2 Rxa2+ 52. Kd1 Ra4 53. Ke1
Ke4 54. Ke2 Ra2+ 55. Ke1 d3 56. Kd1 Ke3 57. Ke1 Ra1+ 0-1